In the End and the Beginning: Bible Names Quiz Stats

 Plays Quiz Updated Feb 3, 2014

Challenge
Share
Tweet
Embed
Score 0/36 Timer 06:00
3 Plays Today
Name and Reference Letters % Correct
(2 Samuel 5:14) SOLOM__ON
88.2%
(Romans 9:10) REBEC__CA
87.9%
(Exodus 2:10) MOS__ES
87.3%
(Genesis 29:32) REUB__EN
85.8%
(Ruth 1:2) NAO__MI
84.3%
(Genesis 30:24) JOSE__PH
83.5%
(1 Kings 4:31) ETH__AN
83.2%
(1 Kings 13:2) JOSI__AH
81.8%
(Genesis 25:26) JAC__OB
77.7%
(Colossians 4:14) LU__KE
76.6%
(Acts 18:2) AQUI__LA
76.3%
(Acts 5:1) SAPPHI__RA
75.9%
(Genesis 26:34) JUDI__TH
75.1%
(Genesis 4:2) AB__EL
74.8%
(Acts 12:13) RHO__DA
74.6%
(Luke 10:38) MART__HA
73%
(2 Timothy 1:5) EUNI__CE
72.2%
(Genesis 2:19) AD__AM
70.8%
Name and Reference Letters % Correct
(2 Samuel 8:16) JEHOSHAPH__AT
70.6%
(Ruth 4:17) JES__SE
68.4%
(Genesis 17:19) ISA__AC
68.1%
(Ruth 2:1) BO__AZ
64.9%
(Esther 1:9) VASH__TI
64.3%
(Genesis 30:13) ASH__ER
64%
(1 Chronicles 4:10) JAB__EZ
62.7%
(Philippians 4:2) SYNTYC__HE
62.6%
(2 Timothy 1:5) LO__IS
61.6%
(Daniel 1:7) MESHA__CH
61.2%
(Matthew 26:3) CAIAPH__AS
59.7%
(Genesis 5:15) JAR__ED
52.9%
(1 Samuel 26:6) JO__AB
50.1%
(Genesis 38:6) TAM__AR
47.5%
(Romans 16:1) PHE__BE
32.4%
(1 Samuel 25:3) NAB___AL
26.9%
(1 Samuel 1:1) ELI__HU
26.7%
(Jeremiah 36:14) JEHU__DI
25.2%

You're not logged in!

Compare scores with friends on all Sporcle quizzes.
OR
Log In

You Might Also Like...

Show Comments

Extras

Top Quizzes Today


Score Distribution

Your Account Isn't Verified!

In order to create a playlist on Sporcle, you need to verify the email address you used during registration. Go to your Sporcle Settings to finish the process.

Report this User

Report this user for behavior that violates our Community Guidelines.

Details: